Rozmístění znalostně náročných obchodních služeb v českých (ne)metropolitních regionech

Analýza rozmiestnenia KIBS (knowledge-intensive business services) v malej exportne zameranej krajine s rozvinutou dopravnou infraštruktúrou a výraznou dominanciou zahraničného kapitálu. Česko bolo vybrané ako vhodný príklad pre testovanie lokalizačných stratégií KIBS. Výsledky testovania a závery.

Na minha lista:
Detalhes bibliográficos
Autor principal: Ženka, Jan
Outros Autores: Slach, Ondřej, Hlaváček, Petr
Formato: Capítulo de Livro
Idioma:tcheco
Assuntos:
Tags: Adicionar Tag
Sem tags, seja o primeiro a adicionar uma tag!

MARC

LEADER 00000naa a2200000 4500
001 0235537
005 20220805075648.2
041 0 |a cze 
044 |a SK 
245 1 0 |a Rozmístění znalostně náročných obchodních služeb v českých (ne)metropolitních regionech  |c Jan Ženka, Ondřej Slach, Petr Hlaváček 
520 |a Analýza rozmiestnenia KIBS (knowledge-intensive business services) v malej exportne zameranej krajine s rozvinutou dopravnou infraštruktúrou a výraznou dominanciou zahraničného kapitálu. Česko bolo vybrané ako vhodný príklad pre testovanie lokalizačných stratégií KIBS. Výsledky testovania a závery. 
610 2 0 |a služby obchodné 
610 2 0 |a ekonomika priestorová 
610 2 0 |a Česko 
100 1 |a Ženka, Jan 
700 1 |a Slach, Ondřej 
700 1 |a Hlaváček, Petr